Ricostruisci la Carriera del Calciatore - Dida - Statistics

Statistiche generali
  • Questo quiz è stato fatto 9 volte
  • Il punteggio medio è 2 su 10
Statistiche sulle risposte
Hint Risposta % Corretto
1994-1998 Cruzeiro
63%
2002-2010 Milan
63%
2000-2001 Milan
25%
1999-2000 Corinthians
13%
2014-2015 Internacional
13%
2001-2002 Corinthians
0%
2013 Grêmio
0%
1999 Lugano
0%
2012 Portuguesa
0%
1992-1993 Vitória
0%
Nessun quiz corrispondente trovato
Distribuzione punteggi
Percentuale di utenti per punteggio
Percentile per numero di risposta
I tuoi punteggi nel tempo
Non hai fatto questo quiz